Investigaciones y decisiones financieras y administrativas / (Record no. 131145)

MARC details
000 -LEADER
campo de control de longitud fija 00564nam a2200169 4500
001 - NÚMERO DE CONTROL
campo de control 131145
003 - IDENTIFICADOR DE NÚMERO DE CONTROL
campo de control ES-MaACL
007 - CAMPO FIJO DE DESCRIPCIÓN FÍSICA--INFORMACIÓN GENERAL
campo de control de longitud fija t|
008 - DATOS DE LONGITUD FIJA--INFORMACIÓN GENERAL
campo de control de longitud fija 070214s1970 mx r ||||1| spa d
100 1# - ENTRADA PRINCIPAL--NOMBRE DE PERSONA
Nombre de persona Robichek, Alexander A.
9 (RLIN) 97863
245 10 - MENCIÓN DEL TÍTULO
Título Investigaciones y decisiones financieras y administrativas /
Mención de responsabilidad, etc. Alexander A. Robichek ; [versión... Mario Bracamonte Cantolla].
250 ## - MENCION DE EDICION
Mención de edición 1ª ed.
260 ## - PUBLICACIÓN, DISTRIBUCIÓN, ETC.
Lugar de publicación, distribución, etc. México [etc.] :
Nombre del editor, distribuidor, etc. Limusa-Wiley,
Fecha de publicación, distribución, etc. 1970.
300 ## - DESCRIPCIÓN FÍSICA
Extensión 276 p. ;
Dimensiones 23 cm.
700 1# - ENTRADA AGREGADA--NOMBRE PERSONAL
Nombre de persona Bracamonte Cantolla, Mario.
9 (RLIN) 31230
852 ## - LOCALIZACIÓN
Ubicación ES-MaACL
Número de control de estantería E-7268
Sublocalización o colección R.91326
Holdings
Estatus retirado Estado de pérdida Estado de daño No para préstamo Biblioteca de origen Biblioteca actual Ubicación en estantería Fecha de adquisición Fuente de adquisición Total de préstamos Signatura topográfica completa Código de barras Visto por última vez Precio de reemplazo Tipo de ítem Koha
        Biblioteca del Ateneo de Madrid Biblioteca del Ateneo de Madrid Depósito 2 17/01/2008     E-7268 1136536 23/02/2023 23/02/2023 Libro impreso